000
00226nam a2200097Ia 4500
008
240331s9999 xx 000 0 und d
082
_b
SIN
100
_a
sahabhagithwaya. rd
245
0
_a
Sinhala and Tamil Dictionary
942
_c
L
999
_c
5776
_d
5776